Регионална библиотека "Любен Каравелов" - Русе

Вълче сърце (Запис номер 31618)

MARC детайли
000 -Лидер
Контролно поле с фиксирана дължина 01159nam a2200289 c 4500
003 - Код на организацията, давaща контролен номер
Контролно поле BLK
005 - Дата и час на последна редакция
Контролно поле 20180422100027.0
008 - Елементи от данни с фиксирана дължина
fixed length control field 180407b bul|||||r ||||||| ||bul||
010 ## - Наследен системен номер
LC control number KNG00034274000
020 ## - Международен стандартен номер на книга ISBN
Международен стандартен номер на книга ISBN 954-738-044-3
-- издат.: Литера Прима
040 ## - Източник на каталожния запис
Идентификатор на билиотеката - собственик на записа BLK
041 ## - Код за език
Код за езика на текст/звукозапис или на отделно заглавие Български
Код за езика КДБФ Български
080 ## - УДК
Текстов определител УДК Немска литература
УДК код - определител по УДК 821.112.2
УДК определител -312.9
УДК - код + определител 821.112.2-312.9
100 1# - Редна дума - Автор
Автор Холбайн, Волфганг
Авторска отговорност първи автор
R(LIN) 244773
139 ## - Редно поле
Редна дума Холбайн, Волфганг
Авторски знак Хол - Х 60
245 10 - Сведения за заглавието
Заглавие Вълче сърце
Подзаглавни данни Научнофантаст. роман
Редно поле (дума) Волфганг Холбайн; прев. от нем. Здравка Георгиева Евстатиева.
260 ## - Област на издателските данни
-- София
Име на издателя, разпространителя и проч. Литера Прима
Година на издаване 2000
Печатница София : Образование и наука
300 ## - Физическа характеристика
Страници 416 с.
Размери/Мащаб 20 см
380 ## - Жанр
Жанр Худож. лит.
490 1# - СЕРИИ (Колекции)
Име на серия Нетрадиционни романи
700 1# - Други автори (авторска отговорност)
Лично име Евстатиева, Здравка Георгиева
Автороска отговорност (Описва отношението между автора и произведението) прев. от нем.
9 (RLIN) 365748
852 ## - Местоположение
Форматна сигнатура Цб 206538
856 4# - Електронен адрес и достъп
Електронен формат pdf - файл
Път до файла /url/
856 4# - Електронен адрес и достъп
Електронен формат pdf - файл
Път до файла /url/
942 ## - АРТИКУЛИ
Вид на библиотечния материал Книги
Скрит в OPAC Не
944 ## - СЪЗДАВАНЕ И РЕДАКЦИЯ на ЗАПИСА
Създаване/Редакция Създаване
Дата на регистрацията/редакция 15.01.2003
Служител, извършил регистрацията/редакцията AB_DOS
944 ## - СЪЗДАВАНЕ И РЕДАКЦИЯ на ЗАПИСА
Създаване/Редакция Редакция
Дата на регистрацията/редакция 15.01.2003
Служител, извършил регистрацията/редакцията
999 ## - СИСТЕМНИ КОНТРОЛНИ НОМЕРА
Koha biblionumber 31618
Koha biblioitemnumber 31618
Наличности
Код за отписване Код за изгубен артикул Източник на класификационната схема Код за повреда Коз за рестрикции Код за отдаване Артикулен № Име на библиотеката - собственик Име на библиотеката, в която се намира в момента Статус (Текущо местоположение) Дата на вписване в системата Местоположение - отдел Цена в лева Инвентарен номер Систематично азбучна сигнатура Баркод Номер на екземпляра Цена в евро Служебен тип на артикула
Изтеглен Не е изгубен Universal Decimal Classification Не е повреден без рестрикции заемане за дома 50339 Регионална библиотека "Любен Каравелов" Русе Регионална библиотека "Любен Каравелов" Русе Заемна - подръчен фонд 2001-01-01 Заемна - подръчен фонд 6.00 660249 П 830-31/Х 60 В 660249 1 3.07 Книги
  Не е изгубен Universal Decimal Classification Не е повреден без рестрикции ползва се в читалня 50340 Регионална библиотека "Любен Каравелов" Русе Регионална библиотека "Любен Каравелов" Русе Хранилище 2001-01-01 Хранилище 6.00 661293 Цб 206538 120000661293 2 3.07 Книги
Vip Innovations Ltd, Rousse, Bulgaria 2025